000 00424nam a2200157Ia 4500
008 160316s2008 xxu||||| |||| 00| 0 eng d
082 _a343.095800
_bRAO
100 _aRao P Hari
245 _aCommentaries on the railways act, 1989
250 _a6th
260 _aNew Delhi
_bOrient Publishing Company
_c2008
300 _a1704p
_b
_ccxxv
365 _b Rs. 1,350
650 _a1. Railways Act - Commentary
700 _a
_a
999 _c25123
_d25123